| 000 | 01185nam a22003017a 4500 | ||
|---|---|---|---|
| 003 | DO-SdBPM | ||
| 005 | 20250604071136.0 | ||
| 008 | 151104b1982 spa ||| 00| 0 spa d | ||
| 020 | _a8475250165 | ||
| 040 |
_aDO-SdBPM _bspa _cBPMSU |
||
| 082 | 4 |
_a813.3 _bP743n 1982 _222 |
|
| 100 | 1 |
_aPoe, Edgar Allan, _d1809-1849. |
|
| 245 | 1 | 3 |
_aLa narración de A. Gordon Pym / _cE. Allan Poe ; traducción José María Alvarez ; apéndice Constantino Bértolo Cadenas ; ilustración Julio Gutiérrez Mas. |
| 260 |
_aMadrid : _bEdiciones Generales Anaya, _c1982. |
||
| 300 |
_a237 p. : _bil. ; _c20 cm. |
||
| 490 | 0 |
_aTus libros ; _aMarineros, _v19 |
|
| 500 | _aIncluye referencias bibliográficas y notas al pie de las páginas. | ||
| 504 | _aBibliografía : p. 235-237 | ||
| 534 | _aThe narrative of Arthur Gordon Pym of Nantucket. | ||
| 590 | _aInventariado, 2025/VM | ||
| 650 | 4 | _a Cuentos estadounidenses | |
| 650 | 4 | _aLiteratura estadounidense | |
| 700 | 1 |
_aAlvarez, José María, _d1942- _etraductor |
|
| 700 | 1 |
_aBértolo Cadenas, Constantino _eapéndice |
|
| 700 | 1 |
_aGutierrez Mas, Julio, _eilustraciones |
|
| 910 | _aVMateo V. Control de calida. BPMSU | ||
| 942 |
_2ddc _cBK |
||
| 999 |
_c8540 _d8540 |
||